| 000 | 00557nam a22001697a 4500 | ||
|---|---|---|---|
| 999 |
_c58022 _d58022 |
||
| 005 | 20210513152640.0 | ||
| 008 | 210513s2018 enk||||| |||| 00| 0 eng d | ||
| 020 | _a9780230458116 | ||
| 041 | _aeng | ||
| 080 | _a811.111.1 O-63 | ||
| 245 |
_aOpen Mind: _bPre - Intermediate Student's Book. B1 / _c Rogers, Mickey | Taylore - Knowles, Joanne | Taylore - Knowles, Steve. |
||
| 264 |
_aLondon: _bMacmillan, _c2018. |
||
| 300 |
_a175 p. _b30 cm. |
||
| 653 | _aინგლისური ენა | ||
| 653 | _aგრამატიკა | ||
| 942 |
_2udc _cBK |
||